[Event "IX Floripa Chess Open Fort Atacadista"]
[Site "Florianópolis - Santa Catari"]
[Date "2023.01.24"]
[Round "2.234"]
[White "Cardoso, Maria Paula Da Silv"]
[Black "Sikorski, Valentim Enrico"]
[Result "1-0"]
[WhiteElo "1511"]
[BlackElo "1800"]
[PlyCount "61"]
[EventDate "2023.01.23"]
[EventRounds "10"]
[EventCountry "BRA"]

1. e4 c5 2. Nf3 e6 3. c3 a6 4. d4 cxd4 5. cxd4 Qc7 6. Nc3 Bb4 7. Bd2 b5 8. Rc1
Ne7 9. Nxb5 Bxd2+ 10. Qxd2 axb5 11. Rxc7 O-O 12. Bd3 Ba6 13. O-O Nbc6 14. Rxd7
Rfd8 15. Rxd8+ Rxd8 16. Qe3 h6 17. h3 f5 18. exf5 exf5 19. Qe6+ Kf8 20. Bxf5
Bc8 21. Qb3 Bxf5 22. Qxb5 Rb8 23. Qc5 Be4 24. Ne5 Nxe5 25. Qxe5 Rxb2 26. Qxe4
Rxa2 27. Rb1 Ra4 28. Qe6 Rxd4 29. Rb8+ Nc8 30. Rxc8+ Rd8 31. Rxd8# 1-0

[Event "IX Floripa Chess Open Fort Atacadista"]
[Site "Florianópolis - Santa Catari"]
[Date "2023.01.24"]
[Round "2.235"]
[White "Souza, Vitor Gabriel Batis"]
[Black "Da Silva, Kauan Salvagni Tele"]
[Result "0-1"]
[WhiteElo "1800"]
[BlackElo "1498"]
[PlyCount "120"]
[EventDate "2023.01.23"]
[EventRounds "10"]
[EventCountry "BRA"]

1. c4 e6 2. g3 d5 3. Bg2 Nf6 4. d4 Be7 5. Nf3 O-O 6. O-O b6 7. Qc2 Bb7 8. Nbd2
Nbd7 9. Ne5 c5 10. Ndf3 cxd4 11. Nxd7 Qxd7 12. cxd5 Bxd5 13. Rd1 Bxf3 14. Bxf3
Rac8 15. Qd3 e5 16. e3 Qe6 17. exd4 e4 18. d5 Qf5 19. Bxe4 Nxe4 20. Bf4 Nd6 21.
Qxf5 Nxf5 22. d6 Bd8 23. Rd5 g6 24. g4 Ng7 25. d7 Rc4 26. Bd6 Rxg4+ 27. Kf1 Ne6
28. Bxf8 Kxf8 29. Rc1 Ke7 30. Rc3 Rh4 31. Kg1 Nf4 32. Re3+ Ne6 33. Rc3 Re4 34.
Re3 Ra4 35. a3 Rc4 36. h3 Rc1+ 37. Kg2 Rc4 38. b3 Rc7 39. Re4 f5 40. Ra4 Rc3
41. Rd1 a5 42. Rh4 h5 43. Rc4 Rxb3 44. Rc6 Nf8 45. Rc2 Ne6 46. Re1 Rd3 47. Rc6
Rd6 48. Rxd6 Kxd6 49. Rd1+ Ke7 50. Kf3 Bc7 51. h4 Bd6 52. Rb1 Bc5 53. Rd1 Bxa3
54. Rg1 b5 55. Rxg6 Kxd7 56. Ke3 b4 57. Kd2 b3 58. Kc3 b2 59. Kc2 Nd4+ 60. Kb1
Ne2 0-1

[Event "IX Floripa Chess Open Fort Atacadista"]
[Site "Florianópolis - Santa Catari"]
[Date "2023.01.24"]
[Round "2.236"]
[White "Gomes, Joao Paulo Santos"]
[Black "Silver, Fernanda Luise"]
[Result "0-1"]
[WhiteElo "1492"]
[BlackElo "1800"]
[PlyCount "76"]
[EventDate "2023.01.23"]
[EventRounds "10"]
[EventCountry "BRA"]

1. c4 e5 2. g3 Nc6 3. Nc3 Nf6 4. Bg2 Be7 5. Nf3 O-O 6. O-O Re8 7. a3 a5 8. d4
exd4 9. Nxd4 Ne5 10. b3 Bf8 11. e4 d6 12. f4 Ng6 13. h3 c6 14. Be3 Bd7 15. Bf2
Qc8 16. g4 Nxf4 17. g5 N6h5 18. Qf3 Nxg2 19. Kxg2 g6 20. Bg1 Be6 21. Na4 Qc7
22. Nb6 Rad8 23. Nxe6 Rxe6 24. Na4 Qe7 25. Rae1 Qxg5+ 26. Kh2 Rf6 27. Qg4 Qe5+
28. Kg2 Nf4+ 29. Kh1 Nh5 30. Bh2 Qd4 31. Rd1 Rxf1+ 32. Rxf1 Re8 33. e5 dxe5 34.
Qf3 Re7 35. Rg1 e4 36. Qc3 Bg7 37. Qxa5 e3 38. Qc5 Qe4+ 0-1

[Event "IX Floripa Chess Open Fort Atacadista"]
[Site "Florianópolis - Santa Catari"]
[Date "2023.01.24"]
[Round "2.237"]
[White "Trentini, Agata Papini"]
[Black "Ramazzotte, Adriano"]
[Result "0-1"]
[WhiteElo "1800"]
[BlackElo "1490"]
[PlyCount "72"]
[EventDate "2023.01.23"]
[EventRounds "10"]
[EventCountry "BRA"]

1. e4 c6 2. Nf3 d5 3. e5 Bg4 4. Be2 e6 5. d3 Qb6 6. O-O Nd7 7. Be3 Qxb2 8. Bd4
Qb4 9. Bc3 Qb6 10. h3 Bxf3 11. Bxf3 d4 12. Bd2 Nxe5 13. Nc3 dxc3 14. Bxc3 Bd6
15. Rb1 Qc7 16. Bh5 Nf6 17. Bf3 O-O 18. d4 Nc4 19. Qe2 b5 20. Qe1 Nd5 21. Be2
Rab8 22. Bd3 Nf4 23. Be4 Ng6 24. Bd3 Nb6 25. Qe4 Nd5 26. Bd2 Ndf4 27. Bc1 Nxd3
28. Bg5 Ndf4 29. c3 Qd7 30. g3 Nxh3+ 31. Kg2 Nxg5 32. Qc2 c5 33. dxc5 Qc6+ 34.
Kh2 Nf3+ 35. Kh1 Nfh4+ 36. Kg1 Qg2# 0-1

[Event "IX Floripa Chess Open Fort Atacadista"]
[Site "Florianópolis - Santa Catari"]
[Date "2023.01.24"]
[Round "2.238"]
[White "Machado, Wesley Henrique"]
[Black "Toigo, John Edward"]
[Result "0-1"]
[WhiteElo "1487"]
[BlackElo "1800"]
[PlyCount "69"]
[EventDate "2023.01.23"]
[EventRounds "10"]
[EventCountry "BRA"]

1. e4 c5 2. Nf3 d6 3. d4 cxd4 4. Nxd4 Nf6 5. f3 a6 6. c4 e5 7. Nc2 Nh5 8. Be3
Be7 9. Qd2 O-O 10. Nc3 Be6 11. Nb4 Nc6 12. Nbd5 Nf6 13. Bb6 Qd7 14. Rd1 Bxd5
15. Nxd5 Nxd5 16. Qxd5 Qe6 17. Bc7 Qh6 18. Kf2 Kh8 19. Bxd6 Rad8 20. c5 f5 21.
Bxa6 fxe4 22. Qxe4 Rf4 23. Qd5 Rd4 24. Rxd4 Nxd4 25. Qxe5 Bf6 26. Qe4 bxa6 27.
Rd1 Nb5 28. Be7 Rd2+ 29. Ke1 Bc3 30. Qa8+ Rd8+ 31. bxc3 Qe3+ 32. Kf1 Rxa8 33.
Re1 Qxc3 34. Kf2 h6 35. g3 0-1

[Event "IX Floripa Chess Open Fort Atacadista"]
[Site "Florianópolis - Santa Catari"]
[Date "2023.01.24"]
[Round "2.239"]
[White "Baena, Mauricio"]
[Black "Pereira, Francisco Neris"]
[Result "0-1"]
[WhiteElo "1784"]
[BlackElo "1482"]
[PlyCount "74"]
[EventDate "2023.01.23"]
[EventRounds "10"]
[EventCountry "BRA"]

1. Nf3 d5 2. e3 Nf6 3. b3 e6 4. Bb2 Be7 5. c4 O-O 6. Be2 b6 7. Nc3 Bb7 8. d4
Nbd7 9. Qc2 c5 10. Bd3 cxd4 11. exd4 dxc4 12. bxc4 Rc8 13. Qe2 Re8 14. O-O Nb8
15. Rad1 Nc6 16. Ne4 h6 17. Nxf6+ Bxf6 18. Ne5 Qc7 19. f4 Ne7 20. Qh5 Nf5 21.
Bxf5 exf5 22. d5 Rcd8 23. Qxf5 b5 24. Nf3 Bxb2 25. Rd3 bxc4 26. d6 Rxd6 27.
Rxd6 Qxd6 28. Ne5 Bxe5 29. fxe5 Qd5 30. Rf2 Rxe5 31. Qb1 Qe4 32. Rb2 Qe1+ 33.
Qxe1 Rxe1+ 34. Kf2 Re7 35. a4 c3 36. Rb3 Rc7 37. Ke2 c2 0-1

[Event "IX Floripa Chess Open Fort Atacadista"]
[Site "Florianópolis - Santa Catari"]
[Date "2023.01.24"]
[Round "2.240"]
[White "De Souza, Carlos Alberto"]
[Black "Arnosti, Marcelo Gusmao"]
[Result "1/2-1/2"]
[WhiteElo "1474"]
[BlackElo "1789"]
[PlyCount "64"]
[EventDate "2023.01.23"]
[EventRounds "10"]
[EventCountry "BRA"]

1. e4 c6 2. Nf3 d5 3. e5 Bf5 4. d4 e6 5. Be2 a6 6. a3 c5 7. c4 Nc6 8. cxd5 Qxd5
9. Nc3 Qd8 10. d5 exd5 11. Nxd5 Be6 12. Nc3 Qxd1+ 13. Bxd1 h6 14. O-O Nge7 15.
Ne4 Ng6 16. Re1 Be7 17. Nd6+ Bxd6 18. exd6 O-O-O 19. Be3 Rxd6 20. Bxc5 Rd7 21.
Bb6 Kb8 22. Ba4 Rd3 23. Rad1 Rxd1 24. Rxd1 Bg4 25. h3 Bxf3 26. gxf3 Nce5 27.
Kg2 Nh4+ 28. Kg3 g5 29. Bd4 Nf5+ 30. Kg2 Nh4+ 31. Kg3 Nf5+ 32. Kg2 Nh4+ 1/2-1/2

[Event "IX Floripa Chess Open Fort Atacadista"]
[Site "Florianópolis - Santa Catari"]
[Date "2023.01.24"]
[Round "2.241"]
[White "Chagas, Gefster"]
[Black "Vinales Gonzalez, Enzo Mathias"]
[Result "0-1"]
[WhiteElo "1752"]
[BlackElo "1473"]
[PlyCount "40"]
[EventDate "2023.01.23"]
[EventRounds "10"]
[EventCountry "BRA"]

1. f4 d5 2. d4 Bf5 3. Nf3 e6 4. e3 Nf6 5. Bd3 Ne4 6. O-O c5 7. c3 Nc6 8. Bb5
Qb6 9. Bd3 Be7 10. Ne5 cxd4 11. exd4 Nxd4 12. Qa4+ Nc6+ 13. Kh1 Nf2+ 14. Rxf2
Qxf2 15. Qd1 Nxe5 16. Bxf5 Ng6 17. Bxg6 hxg6 18. Na3 Bc5 19. Bd2 Rxh2+ 20. Kxh2
Qh4# 0-1

[Event "IX Floripa Chess Open Fort Atacadista"]
[Site "Florianópolis - Santa Catari"]
[Date "2023.01.24"]
[Round "2.242"]
[White "Pimentel, Lucas Dos Santos"]
[Black "Da Silva, Carlos Rafael Rego"]
[Result "1-0"]
[WhiteElo "1470"]
[BlackElo "1778"]
[PlyCount "59"]
[EventDate "2023.01.23"]
[EventRounds "10"]
[EventCountry "BRA"]

1. d4 Nf6 2. Bf4 g6 3. Nf3 Bg7 4. e3 O-O 5. Be2 d6 6. h3 c5 7. c3 Qb6 8. Qb3
Qc7 9. O-O Be6 10. Bc4 Bxc4 11. Qxc4 Nbd7 12. Nbd2 Nb6 13. Qxc5 Qxc5 14. dxc5
dxc5 15. Nb3 Na4 16. Rab1 Rad8 17. Na5 b6 18. Nc6 Rd7 19. Nfe5 Rb7 20. Rfd1 Nh5
21. Nd8 Nxf4 22. Nxb7 Nxh3+ 23. gxh3 Bxe5 24. Nd8 Bxc3 25. bxc3 Nxc3 26. Nc6
Nxb1 27. Rxb1 e6 28. Nxa7 Ra8 29. Nc6 Kg7 30. Rxb6 1-0

[Event "IX Floripa Chess Open Fort Atacadista"]
[Site "Florianópolis - Santa Catari"]
[Date "2023.01.24"]
[Round "2.243"]
[White "Lisboa, Maria Eduarda Mazza"]
[Black "Calcada, Henrique Galvan"]
[Result "0-1"]
[WhiteElo "1743"]
[BlackElo "1469"]
[PlyCount "52"]
[EventDate "2023.01.23"]
[EventRounds "10"]
[EventCountry "BRA"]

1. e4 c5 2. Nf3 g6 3. c3 Bg7 4. d4 cxd4 5. cxd4 d5 6. e5 Bg4 7. Nbd2 Qa5 8. a3
Nc6 9. Be2 Bxf3 10. Bxf3 Nxd4 11. O-O Bxe5 12. b4 Qd8 13. Re1 Nxf3+ 14. Nxf3
Bxa1 15. Qa4+ Qd7 16. Qxd7+ Kxd7 17. Ne5+ Bxe5 18. Rxe5 Nf6 19. Bg5 Rac8 20. h3
Rhd8 21. Bxf6 exf6 22. Rxd5+ Ke6 23. Rb5 b6 24. a4 Rd1+ 25. Kh2 Kd6 26. a5 Kc6
0-1

[Event "IX Floripa Chess Open Fort Atacadista"]
[Site "Florianópolis - Santa Catari"]
[Date "2023.01.24"]
[Round "2.244"]
[White "Mendes, Ana Beatriz Dias Gu"]
[Black "Baratieri, Maria Vitoria"]
[Result "1-0"]
[WhiteElo "1464"]
[BlackElo "1743"]
[PlyCount "65"]
[EventDate "2023.01.23"]
[EventRounds "10"]
[EventCountry "BRA"]

1. e4 c5 2. Nf3 d6 3. d4 cxd4 4. Nxd4 Nf6 5. Nc3 a6 6. Be2 e6 7. Be3 Be7 8. O-O
O-O 9. f4 b5 10. Bf3 Bb7 11. e5 Bxf3 12. Qxf3 Nd5 13. Nxd5 exd5 14. Qxd5 Nd7
15. Nc6 Qe8 16. Rad1 Nb8 17. Nxe7+ Qxe7 18. Qxa8 dxe5 19. Qd5 exf4 20. Bc5 Qd8
21. Bxf8 Qxf8 22. Qd8 Nc6 23. Qxf8+ Kxf8 24. Rxf4 f6 25. Rd6 Ne5 26. Rxa6 Nc4
27. Rxc4 bxc4 28. a4 g5 29. a5 Ke8 30. Rxf6 Kd8 31. Rb6 Kc7 32. Rb4 Kc8 33. a6
1-0

[Event "IX Floripa Chess Open Fort Atacadista"]
[Site "Florianópolis - Santa Catari"]
[Date "2023.01.24"]
[Round "2.245"]
[White "De Almeida, Leticia Moraes"]
[Black "Orofino, Gabriel"]
[Result "1-0"]
[WhiteElo "1731"]
[BlackElo "1460"]
[PlyCount "64"]
[EventDate "2023.01.23"]
[EventRounds "10"]
[EventCountry "BRA"]

1. e4 c5 2. Nf3 Nc6 3. d4 cxd4 4. Nxd4 e5 5. Nxc6 bxc6 6. Nc3 Nf6 7. Bd3 d5 8.
exd5 Bb4 9. dxc6 Bxc3+ 10. bxc3 e4 11. Bc4 Qxd1+ 12. Kxd1 O-O 13. Be3 Bg4+ 14.
Ke1 Rfc8 15. Bb3 Rxc6 16. Bd4 Nd7 17. Bd5 Rcc8 18. Bxa8 Rxa8 19. Rb1 Be6 20.
Rb7 Nb6 21. Bxb6 axb6 22. Rxb6 Bxa2 23. Kd2 f5 24. Ke3 Rd8 25. Ra1 Bd5 26. Rba6
g5 27. g3 Kg7 28. Ra7+ Kf6 29. R1a6+ Ke5 30. Re7+ Be6 31. Rexe6+ (31. Raxe6+
Kd5 32. Rh6 Rc8 33. Rd7+ Ke5 34. f4+ exf3 35. Kd3 f2 36. Re7+ Kd5 37. Ke2 Rxc3
38. Rd7+ Ke5 39. Rd1 Rxc2+ 40. Kd3 Ra2 41. Rc1 Ra3+ 42. Ke2 Ra2+ 43. Kf1 Ke4
44. Rxh7 Kf3 45. Rhc7 Kg4 46. R7c2 Rxc2 47. Rxc2 f4 48. gxf4 Kxf4 49. Kxf2 Kg4
50. Kg2 Kh4) 31... Kd5 32. Rh6 Rc8 1-0

[Event "IX Floripa Chess Open Fort Atacadista"]
[Site "Florianópolis - Santa Catari"]
[Date "2023.01.24"]
[Round "2.246"]
[White "Koinski, Carlos Cesar"]
[Black "Silva, Diego Augusto De S."]
[Result "1-0"]
[WhiteElo "1450"]
[BlackElo "1715"]
[PlyCount "111"]
[EventDate "2023.01.23"]
[EventRounds "10"]
[EventCountry "BRA"]

1. Nf3 Nf6 2. g3 c6 3. c4 d5 4. e3 Bf5 5. Nc3 e6 6. cxd5 exd5 7. d4 Nbd7 8. Bg2
Bd6 9. Qb3 Qb6 10. Qxb6 Nxb6 11. b3 Bd3 12. Bb2 O-O 13. Nd2 Rfe8 14. Bf1 Bxf1
15. Nxf1 Bb4 16. Nd2 a5 17. a3 Bxc3 18. Bxc3 Ne4 19. Nxe4 Rxe4 20. a4 Nd7 21.
O-O Nf6 22. Bb2 Re6 23. Ba3 Ne4 24. Bc1 b5 25. Ra2 h6 26. Rc2 Rb8 27. f3 Nf6
28. Bd2 b4 29. Rc5 Ra8 30. Rfc1 Ra6 31. Kg2 Kf8 32. R5c2 Ke8 33. Rc5 Kd7 34.
Kf2 Ke8 35. Kg2 Kd7 36. Kf2 Ke8 37. Be1 Nd7 38. R5c2 Nf6 39. Re2 Kd7 40. Rcc2
Kd6 41. Rc5 Nd7 42. Rxa5 Rb6 43. Rc2 f5 44. f4 Nf6 45. Ra7 Ne4+ 46. Kf3 g5 47.
a5 g4+ 48. Ke2 Rb5 49. a6 c5 50. dxc5+ Nxc5 51. Ra8 Nxb3 52. Rb2 Nd4+ 53. Kd3
Nc6 54. Bd2 b3 55. a7 Kc7 56. Rc8+ 1-0

[Event "IX Floripa Chess Open Fort Atacadista"]
[Site "Florianópolis - Santa Catari"]
[Date "2023.01.24"]
[Round "2.247"]
[White "Da Silva Neto, Edvalte Jose"]
[Black "Ribeiro, Erica De Jesus"]
[Result "0-1"]
[WhiteElo "1707"]
[BlackElo "1445"]
[PlyCount "75"]
[EventDate "2023.01.23"]
[EventRounds "10"]
[EventCountry "BRA"]

1. e4 e6 2. d4 d5 3. e5 c5 4. c4 Nc6 5. Nf3 cxd4 6. Nxd4 Nxe5 7. b3 Bb4+ 8. Bd2
Qa5 9. Be2 Bxd2+ 10. Nxd2 a6 11. O-O Nf6 12. a3 O-O 13. b4 Qd8 14. h3 Nxc4 15.
Nxc4 dxc4 16. Bxc4 Qb6 17. Rc1 Rd8 18. Qe2 Qxd4 19. Bxe6 Bxe6 20. Rfd1 Qb6 21.
Kh1 Rxd1+ 22. Rxd1 Rd8 23. Rc1 Qd6 24. Qf3 Qd5 25. Qxd5 Bxd5 26. a4 Bc6 27. a5
Rd2 28. b5 Bxb5 29. Rc8+ Ne8 30. Kh2 Kf8 31. Kg3 f6 32. Rb8 Bc6 33. f3 Kf7 34.
Rc8 Ke7 35. Ra8 Rd8 36. Rxd8 Kxd8 37. Kf2 Nd6 38. g4 0-1

[Event "IX Floripa Chess Open Fort Atacadista"]
[Site "Florianópolis - Santa Catari"]
[Date "2023.01.24"]
[Round "2.248"]
[White "Soares, Rafael Tuma"]
[Black "Motta, Agahta Dos Santos"]
[Result "1-0"]
[WhiteElo "1440"]
[BlackElo "1704"]
[PlyCount "97"]
[EventDate "2023.01.23"]
[EventRounds "10"]
[EventCountry "BRA"]

1. d4 Nf6 2. Nf3 g6 3. c4 Bg7 4. Nc3 O-O 5. e4 d6 6. Be2 Nc6 7. h3 e5 8. dxe5
dxe5 9. Qxd8 Rxd8 10. O-O Be6 11. Be3 Rd7 12. Rad1 Rad8 13. b3 Rxd1 14. Rxd1
Rxd1+ 15. Bxd1 a6 16. Nh2 Ne8 17. Bd2 f5 18. Bf3 Nd4 19. Kf1 Nxf3 20. Nxf3 b6
21. Bc1 Nd6 22. exf5 Bxf5 23. Nd5 Ne8 24. Ne7+ Kf7 25. Nxf5 gxf5 26. Bb2 e4 27.
Bxg7 exf3 28. Bd4 fxg2+ 29. Kxg2 Ke6 30. Kf3 c5 31. Bc3 Nf6 32. Ke3 Ne4 33. Bb2
Nd6 34. f3 b5 35. Kd3 bxc4+ 36. bxc4 Nb7 37. Bc3 f4 38. h4 Kf5 39. Bd2 Ke5 40.
Be1 Nd8 41. Bf2 Ne6 42. Kc3 Nd4 43. h5 Nxf3 44. Bxc5 Ng5 45. Kd3 f3 46. Ke3 Kf5
47. Be7 Kg4 48. Bxg5 Kxg5 49. Kxf3 1-0

[Event "IX Floripa Chess Open Fort Atacadista"]
[Site "Florianópolis - Santa Catari"]
[Date "2023.01.24"]
[Round "2.249"]
[White "Buffon, Maria Ivy Segalin"]
[Black "De Lima, Lucas Taveira"]
[Result "0-1"]
[WhiteElo "1703"]
[BlackElo "1437"]
[PlyCount "60"]
[EventDate "2023.01.23"]
[EventRounds "10"]
[EventCountry "BRA"]

1. e4 e5 2. Nf3 Nc6 3. d4 exd4 4. Bc4 Be7 5. Nxd4 Nf6 6. Nc3 d6 7. h3 O-O 8.
Bf4 Re8 9. f3 Nh5 10. Nxc6 bxc6 11. Qd2 Bh4+ 12. Ke2 d5 13. Bb3 Qf6 14. Bxc7
Bg3 15. Bxg3 Nxg3+ 16. Kf2 Nxh1+ 17. Rxh1 dxe4 18. Qe2 Bf5 19. g4 Bg6 20. h4
exf3 21. Qxf3 Qd4+ 22. Kg3 Re3 23. Rf1 Rxf3+ 24. Rxf3 Re8 25. Kg2 Qxg4+ 26. Kf2
Qxh4+ 27. Rg3 Qf4+ 28. Kg2 Qd2+ 29. Kh3 Bf5+ 30. Kh4 Qh6# 0-1

[Event "IX Floripa Chess Open Fort Atacadista"]
[Site "Florianópolis - Santa Catari"]
[Date "2023.01.24"]
[Round "2.250"]
[White "Rey, Antonio"]
[Black "Berteli, Laura Manarim"]
[Result "1-0"]
[WhiteElo "1434"]
[BlackElo "1682"]
[PlyCount "53"]
[EventDate "2023.01.23"]
[EventRounds "10"]
[EventCountry "BRA"]

1. c4 e5 2. g3 Nc6 3. Bg2 Nf6 4. Nf3 Bb4 5. a3 Be7 6. O-O Ne4 7. d3 Nxf2 8.
Rxf2 Bc5 9. e3 O-O 10. b4 Be7 11. b5 Nb8 12. Nxe5 f6 13. Bd5+ Kh8 14. Nf7+ Rxf7
15. Bxf7 Qf8 16. Bd5 c6 17. Be4 g6 18. Bb2 d6 19. Qf1 Nd7 20. bxc6 bxc6 21.
Bxc6 Rb8 22. Bxd7 Bxd7 23. Bxf6+ Bxf6 24. Rxf6 Qg7 25. Rf7 Qg8 26. Qf6+ Qg7 27.
Qxg7# 1-0

[Event "IX Floripa Chess Open Fort Atacadista"]
[Site "Florianópolis - Santa Catari"]
[Date "2023.01.24"]
[Round "2.251"]
[White "Santos, Camila Marinho Godo"]
[Black "Dias, Clara"]
[Result "0-1"]
[WhiteElo "1669"]
[BlackElo "1430"]
[PlyCount "38"]
[EventDate "2023.01.23"]
[EventRounds "10"]
[EventCountry "BRA"]

1. e4 c5 2. Nf3 d6 3. Bc4 Nc6 4. Nc3 g6 5. d3 Bg7 6. Bg5 Nf6 7. h3 O-O 8. Qd2
Re8 9. O-O a6 10. Rab1 b5 11. Bb3 Qc7 12. Qf4 e5 13. Qh4 Nh5 14. g4 Nf4 15. Bh6
Nd4 16. Ng5 Bf6 17. Bg7 Bxg5 18. Qxg5 Nf3+ 19. Kh1 Nxg5 0-1

[Event "IX Floripa Chess Open Fort Atacadista"]
[Site "Florianópolis - Santa Catari"]
[Date "2023.01.24"]
[Round "2.252"]
[White "Leite, Gina Dourado Rocha"]
[Black "Reis Neto, Agassiz Rubim Da S"]
[Result "0-1"]
[WhiteElo "1430"]
[BlackElo "1649"]
[PlyCount "50"]
[EventDate "2023.01.23"]
[EventRounds "10"]
[EventCountry "BRA"]

1. e4 c5 2. Nc3 d6 3. Nf3 Nc6 4. d3 Bg4 5. Be2 Nd4 6. Nxd4 cxd4 7. Bxg4 dxc3 8.
bxc3 Nf6 9. Bf3 Qc8 10. c4 e5 11. O-O Be7 12. Be2 O-O 13. Rb1 g6 14. Bd2 Qc6
15. c5 dxc5 16. f4 Bd6 17. Rf3 Nh5 18. Rh3 Nxf4 19. Bxf4 exf4 20. Qe1 h6 21.
Bf3 c4 22. e5 Qc5+ 23. Kh1 Bxe5 24. c3 Qe3 25. Rxb7 Qxe1# 0-1

[Event "IX Floripa Chess Open Fort Atacadista"]
[Site "Florianópolis - Santa Catari"]
[Date "2023.01.24"]
[Round "2.1"]
[White "Espindola, Carlos Marcelo"]
[Black "Seara, Sophia Parisotto"]
[Result "1-0"]
[WhiteElo "1457"]
[BlackElo "1739"]
[PlyCount "85"]
[EventDate "2023.01.23"]
[EventRounds "10"]
[EventCountry "BRA"]

1. d4 d5 2. Nf3 Nf6 3. Bf4 Nc6 4. e3 Bf5 5. c3 e6 6. Nbd2 Bd6 7. Bg3 Bxg3 8.
hxg3 Qe7 9. Nh4 Be4 10. f3 Bg6 11. Nxg6 fxg6 12. Bb5 Qd6 13. f4 O-O-O 14. Qa4
Kb8 15. Bxc6 Qxc6 16. Qxc6 bxc6 17. Nf3 Ne4 18. Ne5 Kb7 19. Nf7 Nxg3 20. Nxd8+
Rxd8 21. Rxh7 Nf5 22. Kf2 Kb6 23. Rah1 Rd7 24. Rh8 c5 25. R1h7 c6 26. Rg8 Kb5
27. g4 Nd6 28. Rhxg7 Nf7 29. Rf8 Rb7 30. Rfxf7 Rb6 31. Rb7 Rxb7 32. Rxb7+ Kc4
33. Ke2 cxd4 34. exd4 c5 35. dxc5 Kxc5 36. Rxa7 Kd6 37. Rg7 Kc6 38. Rxg6 Kd6
39. g5 d4 40. cxd4 Kd5 41. Rf6 Kd6 42. f5 Ke7 43. Rxe6+ 1-0

[Event "IX Floripa Chess Open Fort Atacadista"]
[Site "Florianópolis - Santa Catari"]
[Date "2023.01.24"]
[Round "2.2"]
[White "Pereira Junior, Ignacio Marrero"]
[Black "Figueiredo, Oneide De Souza"]
[Result "1-0"]
[WhiteElo "1665"]
[BlackElo "1304"]
[PlyCount "125"]
[EventDate "2023.01.23"]
[EventRounds "10"]
[EventCountry "BRA"]

1. e4 e5 2. Nf3 d6 3. d4 Nc6 4. dxe5 dxe5 5. Qxd8+ Kxd8 6. Bb5 Bd6 7. Bxc6 bxc6
8. h3 Nf6 9. Bg5 Ke7 10. Nbd2 Be6 11. Bh4 Rab8 12. b3 h6 13. a3 g5 14. Bg3 Nd7
15. b4 f6 16. c4 c5 17. b5 Nb6 18. Rc1 Bf7 19. h4 g4 20. Nh2 h5 21. Nhf1 Bg6
22. Ne3 Kf7 23. O-O Rbd8 24. f3 gxf3 25. Rxf3 Ke6 26. Rcf1 Rhf8 27. Nf5 Rf7 28.
Ne3 Ra8 29. Nd5 Nxd5 30. cxd5+ Ke7 31. Rc3 a6 32. Bf2 axb5 33. Bxc5 Bxc5+ 34.
Rxc5 Kd8 35. Rc3 Ra4 36. Re1 Rd4 37. Re2 f5 38. exf5 Rxf5 39. Rc5 Rxh4 40. Nf3
Rc4 41. Rxb5 Ra4 42. Rb8+ Ke7 43. Nxe5 Bh7 44. Rh8 Kd6 45. Rd8+ Kc5 46. Rc2+
Kd4 47. Nc6+ Kd3 48. Ra2 Rf6 49. Rd7 Be4 50. Rxc7 Bxd5 51. Rd7 Rxc6 52. Rxd5+
Kc3 53. Rxh5 Kb3 54. Rf2 Rxa3 55. Rf3+ Rc3 56. Rxc3+ Kxc3 57. Rh3+ Kb4 58. Rxa3
Kxa3 59. g4 Kb4 60. g5 Kc5 61. g6 Kd6 62. g7 Ke7 63. g8=Q 1-0

[Event "IX Floripa Chess Open Fort Atacadista"]
[Site "Florianópolis - Santa Catari"]
[Date "2023.01.24"]
[Round "2.3"]
[White "Lopes, Marcia Maria Dias"]
[Black "Brand, Leticia Soethe"]
[Result "0-1"]
[WhiteElo "1283"]
[BlackElo "1657"]
[PlyCount "86"]
[EventDate "2023.01.23"]
[EventRounds "10"]
[EventCountry "BRA"]

1. d4 Nf6 2. Bf4 g6 3. Nf3 Bg7 4. e3 O-O 5. Be2 d6 6. O-O Nbd7 7. Nbd2 h6 8. h3
b6 9. c3 Bb7 10. Bh2 c5 11. a3 Qc7 12. b4 Nd5 13. Rc1 Rfc8 14. Qb3 a6 15. Rfe1
N5f6 16. Bc4 e6 17. Bf1 Ne4 18. Qc2 Ndf6 19. Be2 cxb4 20. Nxe4 Bxe4 21. Qb3
bxc3 22. Bxd6 Qxd6 23. Rxc3 Rxc3 24. Qxc3 Bf8 25. a4 Qb4 26. Qxb4 Bxb4 27. Rc1
Nd5 28. Ne5 Nc3 29. Bg4 h5 30. Bd1 Rc8 31. Nd7 Ne2+ 32. Bxe2 Rxc1+ 33. Kh2 Bd6+
34. f4 Kg7 35. Bxa6 Rc2 36. Bf1 Bc7 37. Ne5 Ra2 38. Nf3 Rxa4 39. Nd2 Bc6 40.
Nf3 Ra1 41. Be2 Bb5 42. Kg3 Ra3 43. Ne1 Bxe2 0-1

[Event "IX Floripa Chess Open Fort Atacadista"]
[Site "Florianópolis - Santa Catari"]
[Date "2023.01.24"]
[Round "2.4"]
[White "Goncalves, Djenifer"]
[Black "Meirelles, Olyntho Vitoria"]
[Result "0-1"]
[WhiteElo "1597"]
[BlackElo "1428"]
[PlyCount "78"]
[EventDate "2023.01.23"]
[EventRounds "10"]
[EventCountry "BRA"]

1. e4 c6 2. d4 d5 3. exd5 cxd5 4. c4 Nc6 5. Nc3 e6 6. Nge2 Bb4 7. Bd2 dxc4 8.
Nf4 Nxd4 9. Bxc4 Nf6 10. O-O Qc7 11. Qa4+ Nc6 12. Nb5 Qe7 13. Rad1 a6 14. Bb3
Bxd2 15. Rxd2 Rb8 16. Nd4 Bd7 17. Nde2 O-O 18. Rfd1 Rfd8 19. h3 Qb4 20. Qxb4
Nxb4 21. a3 Nc6 22. Nd4 Nxd4 23. Rxd4 e5 24. Rb4 exf4 25. Rxf4 Bc6 26. Re1 Rd2
27. Re7 Rd7 28. Re2 Re8 29. Rc2 Rde7 30. Kh2 Re2 31. Rc3 Rxb2 32. Bc4 b5 33.
Bxf7+ Kxf7 34. a4 Bd5 35. Rc7+ Re7 36. Rc1 bxa4 37. Rxa4 Rxf2 38. Kg1 Rxg2+ 39.
Kf1 Ra7 0-1

[Event "IX Floripa Chess Open Fort Atacadista"]
[Site "Florianópolis - Santa Catari"]
[Date "2023.01.24"]
[Round "3.1"]
[White "Pichot, Alan"]
[Black "Souza, Rafael Cabral De"]
[Result "1-0"]
[WhiteElo "2634"]
[BlackElo "2096"]
[PlyCount "69"]
[EventDate "2023.01.23"]
[EventRounds "10"]
[EventCountry "BRA"]

1. e4 c5 2. Nf3 Nc6 3. Bb5 g6 4. Bxc6 dxc6 5. d3 Qc7 6. O-O e5 7. a4 f6 8. Nbd2
Be6 9. b3 Nh6 10. Nc4 Nf7 11. Be3 Be7 12. Nfd2 g5 13. a5 h5 14. Qc1 Nd8 15. Qa3
Bxc4 16. bxc4 Ne6 17. Rfb1 Kf7 18. Rb3 Rab8 19. Rab1 Rhd8 20. Nf1 h4 21. h3 Rd7
22. Nh2 Kg6 23. Ng4 Bf8 24. Qc1 Bd6 25. Qd1 Rf7 26. Qf3 Ng7 27. c3 Qd7 28. d4
exd4 29. cxd4 cxd4 30. Bxd4 Bh2+ 31. Kxh2 Qxd4 32. Rd1 Qc5 33. e5 Qxc4 34. exf6
Qe6 35. Re3 1-0

[Event "IX Floripa Chess Open Fort Atacadista"]
[Site "Florianópolis - Santa Catari"]
[Date "2023.01.24"]
[Round "3.2"]
[White "De Carvalho, Vitor Augusto Ponci"]
[Black "Mareco, Sandro"]
[Result "0-1"]
[WhiteElo "2097"]
[BlackElo "2625"]
[PlyCount "52"]
[EventDate "2023.01.23"]
[EventRounds "10"]
[EventCountry "BRA"]

1. e4 c5 2. Nf3 Nc6 3. g3 g6 4. Bg2 Bg7 5. O-O e5 6. d3 Nge7 7. c3 O-O 8. a3 d6
9. b4 h6 10. Be3 b6 11. b5 Na5 12. c4 f5 13. Bd2 g5 14. Bxa5 bxa5 15. Nc3 g4
16. Nh4 f4 17. f3 h5 18. Ra2 Rb8 19. Ne2 Bf6 20. Kh1 Bxh4 21. gxh4 Ng6 22. Rg1
Qxh4 23. fxg4 hxg4 24. Bf3 Kh7 25. Nc3 gxf3 26. Qxf3 Qh3 0-1